000
00217 a2200097 4500
001
2960
100
_a
Willians,
245
_a
Oxford T/B of sport of medicine
260
_a
_b
Oxford univ press
_c
090
_c
2251
_d
2251
942
_a
NUST-CAE
_c
M
_c
13903
999
_c
238033
_d
238033